Moderná architektúra patrí aj do veľhôr
Súťaž na návrh novej Kežmarskej chaty vo Vysokých Tatrách. Víťazný návrh českého združenia architektov a inžinierov architekti.cz. Moderná architektúra vo vysokohorskom prostredí. Nominácie na ceny Európskej únie za najlepšiu súčasnú architektúru Mies van der Rohe Awards. Krkonošské centrum environm...
Salvato in:
| Autore principale: | |
|---|---|
| Natura: | Capitolo di libro |
| Lingua: | slovacco |
| Soggetti: | |
| Tags: |
Nessun Tag, puoi essere il primo ad aggiungerne!!
|
MARC
| LEADER | 00000naa a2200000 4500 | ||
|---|---|---|---|
| 001 | 0201845 | ||
| 005 | 20231113103315.8 | ||
| 041 | 0 | |a slo | |
| 044 | |a SK | ||
| 245 | 1 | 0 | |a Moderná architektúra patrí aj do veľhôr |c Daniel Suchý |
| 520 | |a Súťaž na návrh novej Kežmarskej chaty vo Vysokých Tatrách. Víťazný návrh českého združenia architektov a inžinierov architekti.cz. Moderná architektúra vo vysokohorskom prostredí. Nominácie na ceny Európskej únie za najlepšiu súčasnú architektúru Mies van der Rohe Awards. Krkonošské centrum environmentálneho vzdelávania (prezývané Krtko) vo Vrchlabí. Hotel na najvyššom vrchu Európy. Ďalšie zaujímavé nominácie. | ||
| 610 | 2 | 0 | |a architektúra |
| 610 | 2 | 0 | |a súťaže |
| 610 | 2 | 0 | |a príroda |
| 610 | 2 | 0 | |a stavby |
| 610 | 2 | 0 | |a hotely |
| 610 | 2 | 0 | |a chaty |
| 100 | 1 | |a Suchý, Daniel | |